000 00940pam a2200289 a 4500
001 3382819
003 ARRUPE
005 20161010142222.0
008 880516s1988 ja s 000 0 eng
010 _a 88017166
020 _a0862327385
020 _a0862327393 (pbk.)
040 _aDLC
_cDLC
_dDLC
041 1 _aengfre
043 _af------
050 0 0 _aHD9506.A382Y3413 1988
082 0 0 _a338.2/096
_219
100 1 _aYachir, Faysal.
_926651
245 1 0 _aMining in Africa today :
_bstrategies and prospects /
_cFaysal Yachir.
260 _aTokyo :
_bUnited Nations University ;
_aAtlantic Highlands, N.J., U.S.A. :
_bZed Books,
_c1988.
300 _axv, 91 p. ;
_c22 cm.
440 0 _aStudies in African political economy
_926652
650 0 _aMineral industries
_zAfrica.
_926653
650 0 _aMines and mineral resources
_zAfrica.
_926654
906 _a7
_bcbc
_corignew
_d1
_eocip
_f19
_gy-gencatlg
942 _2lcc
_cMONOGRAPH
999 _c125484
_d125484